Thermal Engineering (Record no. 339341)

MARC details
000 -LEADER
fixed length control field 00494nam a2200181Ia 4500
008 - FIXED-LENGTH DATA ELEMENTS--GENERAL INFORMATION
fixed length control field 230718s9999 xx 000 0 und d
020 ## - INTERNATIONAL STANDARD BOOK NUMBER
International Standard Book Number 9788131808047
041 ## - LANGUAGE CODE
Language code of text/sound track or separate title eng
082 ## - DEWEY DECIMAL CLASSIFICATION NUMBER
Classification number 621.402
Item number RAJ
100 ## - MAIN ENTRY--PERSONAL NAME
Personal name Rajput R.K.
9 (RLIN) 137180
245 ## - TITLE STATEMENT
Title Thermal Engineering
250 ## - EDITION STATEMENT
Edition statement 9th ed.
260 ## - PUBLICATION, DISTRIBUTION, ETC. (IMPRINT)
Date of publication, distribution, etc. 2014
Name of publisher, distributor, etc. Laxmi Publications
300 ## - PHYSICAL DESCRIPTION
Extent 954
Accompanying material [OBSOLETE, CAN/MARC] Ref 142 M (50548)
365 ## - TRADE PRICE
Currency code Rs.
Price amount 825.00
700 ## - ADDED ENTRY--PERSONAL NAME
Personal name Rajput R.K.
9 (RLIN) 137180
906 ## - LOCAL DATA ELEMENT F, LDF (RLIN)
d O:0447922-Apr-2015B:168922-Apr-2015
c MECH
b 3300
Holdings
Withdrawn status Lost status Source of classification or shelving scheme Reference No Damaged status Not for loan Home library Current library Date acquired Vendor Budget Code Cost, normal purchase price Bill number Full call number Barcode Date last seen Discount Cost, replacement price Bill Date Koha item type Original Barcode
    Dewey Decimal Classification Ref 142 M (50548)   Reference Cummins College of Engineering for Women Pune Cummins College of Engineering for Women Pune 22/04/2015 Vaibhav Book House MECH 660.00 1689 621.402 CCEP-BK-50548 18/07/2023 3300 825.00 22/04/2015 Books 050548